Digital signal processing (Record no. 193471)

000 -LEADER
fixed length control field 01271 a2200241 4500
003 - CONTROL NUMBER IDENTIFIER
control field Nust
005 - DATE AND TIME OF LATEST TRANSACTION
control field 20170207154058.0
010 ## - LIBRARY OF CONGRESS CONTROL NUMBER
LC control number 78008555
020 ## - INTERNATIONAL STANDARD BOOK NUMBER
International Standard Book Number 0132136031
040 ## - CATALOGING SOURCE
Transcribing agency Nust
082 00 - DEWEY DECIMAL CLASSIFICATION NUMBER
Classification number 621.3822
100 1# - MAIN ENTRY--PERSONAL NAME
Personal name Rabiner, Lawrence R.,
245 10 - TITLE STATEMENT
Title Digital signal processing
Statement of responsibility, etc. Sanjit K. Mitra
Remainder of title a computer based approach
250 ## - EDITION STATEMENT
Edition statement 2nd ed. /
260 ## - PUBLICATION, DISTRIBUTION, ETC.
Place of publication, distribution, etc. Boston
Name of publisher, distributor, etc. McGraw hill
Date of publication, distribution, etc. 2001
300 ## - PHYSICAL DESCRIPTION
Extent xvi, 866 p. :
Other physical details ill. ;
Dimensions 25 cm.
490 0# - SERIES STATEMENT
Series statement McGraw hill series in electrical and computer engineering
505 ## - FORMATTED CONTENTS NOTE
Formatted contents note Signals and Signal Processing (Page-1), Discrete-Time Signals and Systems in the Time-Domain (Page-41), Discrete-Time Signals in the Transform-Domain (Page-117), LTI Discrete-Time Systems in the Transform-Domain (Page-203), Digital Processing of Continuous-Time Signals (Page-299), Digital Filter Structures (Page-359), Digital Filter Design (Page-423), DSP Algorithm Implementation (Page-515), Analysis of Finite Wordlength Effects (Page-583), Multirate Digital Signal Processing (Page-359), Applications of Digital Signal Processing (Page-753). bibliography 837,index 855
538 ## - SYSTEM DETAILS NOTE
System details note Almirah No 26 Shelf No 3
650 #0 - SUBJECT ADDED ENTRY--TOPICAL TERM
Topical term or geographic name entry element Digital electronics.
650 #0 - SUBJECT ADDED ENTRY--TOPICAL TERM
Topical term or geographic name entry element Telecommunication engineering
700 1# - ADDED ENTRY--PERSONAL NAME
Personal name Schafer, Ronald W.,
Dates associated with a name 1938-
942 ## - ADDED ENTRY ELEMENTS (KOHA)
Source of classification or shelving scheme
Koha item type Book
Holdings
Withdrawn status Lost status Source of classification or shelving scheme Damaged status Not for loan Collection code Permanent Location Current Location Date acquired Total Checkouts Full call number Barcode Checked out Date last seen Date last checked out Price effective from Koha item type
            Military College of Signals (MCS) Military College of Signals (MCS) 12/12/2016 1 621.3822 MIT MCS28654 12/10/2022 08/12/2022 08/12/2022 12/12/2016 Book
© 2023 Central Library, National University of Sciences and Technology. All Rights Reserved.